| 000 | 00633 a2200193 4500 | ||
|---|---|---|---|
| 999 |
_c533841 _d533841 |
||
| 003 | NUST | ||
| 005 | 20200122111223.0 | ||
| 008 | 200122b ||||| |||| 00| 0 eng d | ||
| 020 | _a 0007120982 | ||
| 038 | _aMSOHAIL | ||
| 040 |
_aLibrary of Congress _bEnglish |
||
| 082 |
_a823.912 _bCHR |
||
| 100 |
_aChristie, Agatha. _98918 |
||
| 245 |
_aThe mirror crack'd from side to side _cAgatha Christie |
||
| 260 |
_aLondon: _bHarper Collins Publishers, _c1962. |
||
| 300 |
_a251 p. ; _c19 cm. |
||
| 650 |
_a 1.Marple, Jane (Fictitious character) --Fiction.2.Women detectives --England --Fiction. _927859 |
||
| 942 |
_cBK _k823.912 CHR _2ddc |
||